| 000 -LEADER |
| fixed length control field |
01402nam a2200241Ia 4500 |
| 001 - CONTROL NUMBER |
| control field |
9443 |
| 003 - CONTROL NUMBER IDENTIFIER |
| control field |
GE_BSU |
| 008 - FIXED-LENGTH DATA ELEMENTS--GENERAL INFORMATION |
| fixed length control field |
181216s||||||||xx |||||||||||||| ||und|| |
| 040 ## - CATALOGING SOURCE |
| Transcribing agency |
GE_BSU |
| 080 ## - UNIVERSAL DECIMAL CLASSIFICATION NUMBER |
| Universal Decimal Classification number |
821.353.1–32+821.19-32 |
| 100 ## - MAIN ENTRY--PERSONAL NAME |
| Personal name |
მაჭავარიანი,მუხრან |
| 245 ## - TITLE STATEMENT |
| Title |
მეგობრობის ხმები:თანამედროვე ქართველი და სომეხი მწერლების მოთხრობები |
| 245 ## - TITLE STATEMENT |
| Remainder of title |
ქართული მოთხრობები |
| 245 ## - TITLE STATEMENT |
| Statement of responsibility, etc. |
რედ.ზ.მედულაშვილი.ნ.გოგოძე.წინასიტყვ.ა.თოფჩიანი |
| 260 ## - PUBLICATION, DISTRIBUTION, ETC. |
| Place of publication, distribution, etc. |
თბილისი |
| 260 ## - PUBLICATION, DISTRIBUTION, ETC. |
| Name of publisher, distributor, etc. |
ნაკადული |
| 260 ## - PUBLICATION, DISTRIBUTION, ETC. |
| Date of publication, distribution, etc. |
1977 |
| 300 ## - PHYSICAL DESCRIPTION |
| Extent |
492გვ.ილ.20სმ. |
| 520 ## - SUMMARY, ETC. |
| Summary, etc. |
ქართული მოთხრობები შეადგინა ა. სულაკაურმა.სომხური მოთხრ.შეადგ.ა.გუკასიანმა და ჰრ.ბაირამიანმა |
| 653 ## - INDEX TERM--UNCONTROLLED |
| Uncontrolled term |
მეგობრობის ხმები:თანამედროვე ქართველი და სომეხი მწერლების მოთხრობები |
| 653 ## - INDEX TERM--UNCONTROLLED |
| Uncontrolled term |
ქართული მოთხრობები |
| 942 ## - ADDED ENTRY ELEMENTS (KOHA) |
| Koha item type |
წიგნი |